| 000 | 00947nam a2200229Ia 4500 | ||
|---|---|---|---|
| 999 |
_c36190 _d36190 |
||
| 001 | 2093 | ||
| 003 | GE_BSU | ||
| 005 | 20190506142023.0 | ||
| 008 | 181216s1976||||ge |||||||||||||| ||geo|| | ||
| 040 | _cGE_BSU | ||
| 041 | _ageo | ||
| 080 | _a27-23 კ–78 | ||
| 100 |
_aკოსიდოვსკი, ზენონ _9782 |
||
| 245 |
_aბიბლიური თქმულებები / _cზენონ კოსიდოვსკი; რუს. თარგმნა ფ. ბერიძემ. |
||
| 245 | _bრუსილიდან თარგმნა ფილიპე ბერიძემ | ||
| 264 |
_aთბილისი : _bნაკადული, _c1976. |
||
| 300 |
_a468გვ. ; _b21სმ. |
||
| 653 | _a ბიბლია | ||
| 653 | _aბიბლიური თქმულებები | ||
| 700 |
_aბერიძე, ფილიპე _e მთარგმნელი _9783 |
||
| 942 |
_cBK _2udc |
||